000 00626nam a2200181Ia 4500
008 100920s9999 xx 000 0 und d
082 _b93472
_a49 न 05
100 _aसप्रे माधवराव.
245 _aदासबोध.
260 _bमाधवराव सप्रे,साहित्यशोधकेंद्र नागपूर.
_c2005
300 _a502
_bसाधी
365 _b400
520 _aडिपॉझिट सेक्शन.
630 _aदासबोध.
650 _aडिपॉझिट सेक्शन.
730 _aदासबोध.
942 _cBOOK
999 _c733915
_d733912